The monkey's paw / (Record no. 7895)
[ view plain ]
| 000 -LEADER | |
|---|---|
| fixed length control field | 01061nam a22003017a 4500 |
| 001 - CONTROL NUMBER | |
| control field | 7895 |
| 003 - CONTROL NUMBER IDENTIFIER | |
| control field | FISKH |
| 005 - DATE AND TIME OF LATEST TRANSACTION | |
| control field | 20250813101436.0 |
| 008 - FIXED-LENGTH DATA ELEMENTS--GENERAL INFORMATION | |
| fixed length control field | 250813b cb ||||| |||| 00| 0 eng d |
| 020 ## - INTERNATIONAL STANDARD BOOK NUMBER | |
| International Standard Book Number | 9780194789103 |
| 040 ## - CATALOGING SOURCE | |
| Original cataloging agency | FISKH |
| Language of cataloging | eng |
| Transcribing agency | FISKH |
| Modifying agency | FISKH |
| 050 ## - LIBRARY OF CONGRESS CALL NUMBER | |
| Classification number | PR4821.J2 |
| 082 ## - DEWEY DECIMAL CLASSIFICATION NUMBER | |
| Classification number | 428.6 |
| 100 ## - MAIN ENTRY--PERSONAL NAME | |
| Personal name | Mowat, Diane |
| 245 ## - TITLE STATEMENT | |
| Title | The monkey's paw / |
| Statement of responsibility, etc. | Retold by Diane Mowat |
| 250 ## - EDITION STATEMENT | |
| Edition statement | This edition first pubished 1989 |
| 260 ## - PUBLICATION, DISTRIBUTION, ETC. | |
| Place of publication, distribution, etc. | New York : |
| Name of publisher, distributor, etc. | Oxford, |
| Date of publication, distribution, etc. | 1989 |
| 300 ## - PHYSICAL DESCRIPTION | |
| Extent | 56 pages : |
| Other physical details | illustrations ; |
| Dimensions | 20 cm |
| 505 ## - FORMATTED CONTENTS NOTE | |
| Formatted contents note | W<br/> |
| 520 ## - SUMMARY, ETC. | |
| Summary, etc. | Fiction. Horror. HTML:The Monkey's Paw is a classic horror short story written by author W. W. Jacobs, published in England in 1902. In the story, the paw of a dead monkey is a talisman that grants its possessor three wishes, but the wishes come with an enormous price.<br/> |
| 521 8# - TARGET AUDIENCE NOTE | |
| Target audience note | 880<br/> |
| Source | Lexile<br/> |
| 521 8# - TARGET AUDIENCE NOTE | |
| Target audience note | W<br/> |
| Source | Raz-Plus<br/> |
| 650 ## - SUBJECT ADDED ENTRY--TOPICAL TERM | |
| Source of heading or term | Elementary |
| Topical term or geographic name entry element | Horror |
| 650 ## - SUBJECT ADDED ENTRY--TOPICAL TERM | |
| Source of heading or term | Online-classes |
| Topical term or geographic name entry element | Three wishes |
| 700 ## - ADDED ENTRY--PERSONAL NAME | |
| Personal name | Jones, Kevin |
| Dates associated with a name | illustrator |
| 942 ## - ADDED ENTRY ELEMENTS (KOHA) | |
| Source of classification or shelving scheme | Dewey Decimal Classification |
| Koha item type | Books |
| Suppress in OPAC | No |
| Withdrawn status | Lost status | Source of classification or shelving scheme | Damaged status | Not for loan | Collection | Home library | Current library | Shelving location | Date acquired | Total Checkouts | Full call number | Barcode | Date last seen | Copy number | Price effective from | Koha item type |
|---|---|---|---|---|---|---|---|---|---|---|---|---|---|---|---|---|
| Dewey Decimal Classification | Fiction | Footprints International School Library Network Toul Tom Poung Campus | Footprints International School Library Network Toul Tom Poung Campus | TTP Secondary Fiction Bookshelves | 08/13/2025 | MOW 428.6 PR4821.J2 | FIS00235 | 08/13/2025 | 1 | 08/13/2025 | Books |
